| 000 | 00646nam a2200229Ia 4500 | ||
|---|---|---|---|
| 003 | OSt | ||
| 005 | 20220926024815.0 | ||
| 006 | a|||||r|||| 00| 0 | ||
| 007 | ta | ||
| 008 | 220923b |||||||| |||| 00| 0 eng d | ||
| 037 | _cGeneral Book | ||
| 040 |
_aRTL _cRTL _beng |
||
| 041 |
_2eng _aeng |
||
| 082 | _aXxL23, C6;1 | ||
| 100 | _aSmith Adam | ||
| 245 | 0 | _aLectures on justice, police, revenue and arms. Ed. | |
| 260 |
_aOxford _bClarendon Press _c1896 |
||
| 300 |
_axxxix;291p _ccm. |
||
| 490 | _aUniversity of Glasgow, Lectures.1763 | ||
| 942 |
_hXxL23, C6;1 _cGB _2CC |
||
| 999 |
_c645494 _d645494 |
||